Normale Ansicht MARC-Ansicht ISBD

The Limits to Capital in Spain : (Titelsatznr. 72983)

[ MARC ]
MARC-Details
000 -Satzkennung
Kontrollfeld mit fester Länge 04017nam a22004213i 4500
001 - Kontrollnummer
Kontrollfeld EBC1645504
003 - Kontrollnummer Identifier
Kontrollfeld MiAaPQ
005 - Datum und Zeit der letzten Transaktion
Kontrollfeld 20251006164748.0
007 - Feld mit fester Länge zur physischen Beschreibung - Allgemeine Information
Kontrollfeld mit fester Länge cr cnu||||||||
008 - Feld mit fester Länge zur physischen Beschreibung - Allgemeine Angaben
Kontrollfeld mit fester Länge 251006s2014 xx o ||||0 eng d
020 ## - Internationale Standardbuchnummer
Internationale Standardbuchnummer 9781137319944
Nähere Angaben (electronic bk.)
020 ## - Internationale Standardbuchnummer
Gelöschte/ungültige ISBN 9781137319937
040 ## - Katalogisierungsquelle
Original-Katalogisierungsstelle MiAaPQ
Katalogisierungssprache eng
Übertragungsstelle MiAaPQ
100 1# - Haupteintragung - Personenname
Personenname Charnock, G.
Koha-Normdatenidentnummer 67248
245 14 - Titel
Titel The Limits to Capital in Spain :
Zusatz zum Titel Crisis and Revolt in the European South.
250 ## - Ausgabebezeichnung
Ausgabebezeichnung 1st ed.
264 #1 - Produktion, Veröffentlichung, Distribution, Herstellung und Urheberrechtsvermerk
Herstellungs-, Veröffentlichungs- Vertriebs-, Erzeugungsort London :
Produzent, Herausgeber, Distributor, Hersteller Palgrave Macmillan UK,
Datum der Herstellung, der Veröffentlichung, des Vertriebs oder des Urheberschutzvermerks 2014.
264 #4 - Produktion, Veröffentlichung, Distribution, Herstellung und Urheberrechtsvermerk
Datum der Herstellung, der Veröffentlichung, des Vertriebs oder des Urheberschutzvermerks ©2014.
300 ## - Physische Beschreibung
Umfang 1 online resource (197 pages)
336 ## - Inhaltstyp
Inhaltstypterm Text
Inhaltstypcode txt
Quelle rdacontent
337 ## - Medientyp
Bezeichnung des Medientyps Computermedien
Medientypcode c
Quelle rdamedia
338 ## - Datenträgertyp
Datenträgertypbezeichnung Online Resource
Datenträgertypcode cr
Quelle rdacarrier
490 1# - Gesamttitelangabe
Gesamttitelangabe International Political Economy Series
500 ## - Allgemeine Fußnote
Allgemeine Fußnote E-Book-ProQuest / Fernzugriff nach Registrierung möglich
505 0# - Fußnote zu strukturierten Inhaltsangaben
Fußnote zu strukturierten Inhaltsangaben Cover -- Title -- Copyright -- Contents -- List of Boxes and Tables -- Acknowledgements -- List of Abbreviations -- Introduction -- Crisis and revolt in the European South -- The limits to capital -- Outline of the book -- 1 The Limits to Capital -- The accumulation of capital and the 'coercive laws' of competition -- The tendency toward overproduction, the necessity of crisis and cycles of overaccumulation -- The state, money, and the national processing of global class relations -- The tendency toward a new international division of labour -- Cycles of global overaccumulation and crisis since the 1970s -- Conclusion -- 2 The Limits to Import Substitution Industrialisation -- Theorising the limits to import substitution industrialisation -- The historical roots of Spain's economic 'backwardness' -- The limits to import substitution industrialisation under Franco -- Industrial development in Spain within the emergent new international division of labour -- Overaccumulation and the crisis of the fascist state -- Conclusion -- 3 The Limits to European Integration -- The restructuring of Spanish industry and the fragmentation of labour in the 1980s -- The first phase of European integration, overaccumulation, and the monetary crisis of 1992 -- The 'Spanish Miracle' redux? -- The differentiation of Spanish capitals in the 1990s and 2000s -- European Monetary Union and overaccumulation in Spain -- Conclusion -- 4 The Limits to Urbanisation -- Theorising the urban process in contemporary capitalism -- Capital switching and the Spanish covered bonds market -- The bases for accelerated urbanisation in Spain after 1998 -- The local state and urban entrepreneurialism in Spain -- Conclusion -- 5 The Limits to the State -- The depth of the crisis in Spain.
505 8# - Fußnote zu strukturierten Inhaltsangaben
Fußnote zu strukturierten Inhaltsangaben From a 'financial' to a 'sovereign debt crisis': Austerity and the imposition of 'internal devaluation' -- Indignation: A generalised condition -- The 'stop desahucios' campaign and the struggle against money and law -- The Catalan question and the challenge to the Estado de las Autonomías -- Conclusion -- Conclusion -- The limits to capital in Spain -- European Monetary Union and the limits to capital in the European South -- Notes -- Bibliography -- Index.
520 ## - Fußnote zu Zusammenfassungen usw.
Fußnote zur Zusammenfassung usw. Spain is at the epicentre of a crisis that threatens the future of the Eurozone. This book explains the deep historical and structural roots of the current crisis in Spain. It analyses the nexus between European circuits of financial capital, urbanisation, and the emergent dynamics of state austerity and popular revolt.
653 ## - Indexierungsterm - Nicht normiert
Nicht-normierter Term International relations.
655 ## - Indexierungsterm - Genre/Form
Genre/Form oder fokussierter Term Fernzugriff
Koha-Normdatenidentnummer 230
655 #4 - Indexierungsterm - Genre/Form
Genre/Form oder fokussierter Term
700 1# - Nebeneintragung - Personenname
Personenname Purcell, T.
Koha-Normdatenidentnummer 67249
700 1# - Nebeneintragung - Personenname
Personenname Ribera-Fumaz, R.
Koha-Normdatenidentnummer 67250
776 08 - Andere physische Form
Verweisungsphrase Print version:
Haupteintragung Charnock, G.
Titel The Limits to Capital in Spain
Ort, Verlag und Erscheinungsjahr London : Palgrave Macmillan UK,c2014
Internationale Standardbuchnummer 9781137319937
830 #0 - Nebeneintragung unter dem Gesamttitel - Einheitstitel
Einheitstitel International Political Economy Series
Koha-Normdatenidentnummer 64437
856 40 - Elektronische Adresse und Zugriff
URL <a href="https://ebookcentral.proquest.com/lib/maxweberstiftung-ebooks/detail.action?docID=1645504">https://ebookcentral.proquest.com/lib/maxweberstiftung-ebooks/detail.action?docID=1645504</a>
OPAC-Notiz Volltext
942 ## - Zusätzliche Felder (Koha)
Koha-Medientyp E-Books
Exemplare
Ausgeschieden Verloren Klassifikation oder Aufstellungssystematik Beschädigt Nicht entleihbar Heimatbibliothek Aufenthaltsbibliothek Aufstellungsort Erwerbungsdatum Inventarnummer Signatur Barcode Letzte Aktivität Preis gültig von Koha-Medientyp
    Andere/Generische Klassifikation     MWN Osteuropa MWN Osteuropa Online-Ressource 06/10/2025 25-e01005 E-25-e01005 75900 06/10/2025 06/10/2025 E-Books